guess the states NFL sudden death - Statistics

General Stats
  • This quiz has been taken 239 times
  • The average score is 7 of 23
Answers on the Grid
Answers color-coded by a green-red scale on the quiz's grid according to % correct below.
Alabama
alaska
Arizona
arkansas
California
Colorado
Connecticut
Delaware
Florida
Georgia
Hawaii
Idaho
Illinois
Indiana
iowa
Kansas
Kentucky
Louisiana
Maine
maryland
Massachusetts
Michigan
minnesota
mississippi
missouri
montana
Nebraska
Nevada
new Hampshire
new jersey
New Mexico
new york
north Carolina
north Dakota
ohio
Oklahoma
Oregon
Pennsylvania
Rhode island
South Carolina
south Dakota
Tennessee
Texas
Utah
Vermont
Virginia
washington
West Virginia
Wisconsin
Wyoming
 
Answer Stats
Answer % Correct
Arizona
73%
California
71%
Florida
71%
Colorado
54%
Georgia
51%
Illinois
38%
Indiana
32%
Michigan
29%
minnesota
29%
Louisiana
26%
Massachusetts
23%
new york
22%
north Carolina
18%
missouri
16%
ohio
16%
Texas
16%
maryland
15%
Wisconsin
15%
Tennessee
12%
Nevada
10%
Pennsylvania
10%
washington
9%
new jersey
5%
No matching quizzes found
Score Distribution
Percent of People with Each Score
Percentile by Number Answered
Your Score History
You have not taken this quiz